000 00437 a2200169 4500
005 20260226123208.0
008 260226b |||||||| |||| 00| 0 eng d
020 _a9789350029107
040 _cSDCL
041 _2eng
_aeng
084 _aV2:3(Q)'P R5
245 _aTowards Understanding Communalism
260 _aDelhi :
_bAakar Books,
_c2025.
300 _a2 Vols. Set
700 _aPramod Kumar Ed.
_91116737
942 _cTEXL
_2CC
999 _c1672538
_d1672538